| 000 | 00829nam a2200217Ia 4500 | ||
|---|---|---|---|
| 003 | GCL | ||
| 005 | 20240530103100.0 | ||
| 008 | 140319s9999 xx 000 0 ara d | ||
| 040 |
_aGCL / _cGCL |
||
| 082 | 0 | 4 |
_a368.41 _bم ن |
| 100 | 1 | _aمحمد صلاح الدين صدقى | |
| 245 | 1 | 0 |
_aنحو منهج علمى لحساب اشتراك صناديق التأمين الخاصة دراسة تطبيقية على نموذج من الوحدات الااقتصادية المصرية / _cمحمد صلاح الدين صدقى |
| 260 |
_a[S.N] : _bجامعة بيروت العربية ، _c1975 |
||
| 300 | _a46 ص | ||
| 490 |
_aجامعة بيروت العربية _v0 |
||
| 650 | 0 | 4 | _aمصر |
| 650 | 0 | 4 | _aالمشروعات |
| 650 | 0 | 4 | _aالتأمين |
| 650 | 0 | 4 | _aالتأمين الاجتماعى |
| 942 |
_2ddc _cBK |
||
| 999 |
_c36682 _d36682 |
||